000 00698nam a22002417a 4500
003 UA-OsUOA
001 24195
007 ta
008 20040210b un ||||| |||| 00| 0 ukr d
100 _aЛюбимов Л.Д.
090 _a7(4-15)"0375/1492
_bЛ93
942 _cBK
040 _aUA-OsUOA
_brus
_cUA-OsUOA
_dUA-OsUOA
245 _aИскусство Западной Европы. Средние века. Возрождение в Италии
_bКнига для чтения
300 _a319 с.
955 _a0
041 _arus
080 _a7(4-15)"0375/1492
260 _aМосква
_bПросвещение
_c1976
044 _aRU
650 7 _2UDC
999 _c310460
_d310460